Estatísticas para França

Clique aqui para jogar o quiz

Estatísticas Gerais

  • Esse quiz foi jogado 49 vezes
  • A pontuação média é 8 de 15

Estatísticas das Respostas

Resposta% Correto
Torre Eiffel
97%
Louvre
82%
Arco do triunfo
76%
Baguete
76%
Croissant
76%
Champanhe
73%
Chanel
67%
Macaron
67%
Disney
52%
Maria Antonieta
42%
Moulin Rouge
24%
Normandia
21%
Cinema
18%
Versailles
18%
Notre Drame
3%

Distribuição das Pontuações

Percentil de Números Respondidos

Porcentagem de Pessoas com Cada Pontuação

Sua Pontuação Histórica

Você não jogou esse quiz